Histoire de l'ecologie : une science de l'homme et de la nature

Αποθηκεύτηκε σε:
Λεπτομέρειες βιβλιογραφικής εγγραφής
Κύριος συγγραφέας: Deleage, Jean-Paul
Μορφή: Βιβλίο
Γλώσσα:French
Δημοσίευση: Paris : La Decouverte, 1991
Σειρά:Histoire des sciences
Θέματα:
Ετικέτες: Προσθήκη ετικέτας
Δεν υπάρχουν, Καταχωρήστε ετικέτα πρώτοι!

MARC

LEADER 00000nam a2200000 i 4500
001 1/67573
008 931104s1991 fre d
020 |a 2-7071-2067-7 
035 |l 10001923 
040 |a GR-MY-UA  |b gre  |e aacr 
041 0 |a fre 
082 0 |a 574.509 
100 1 |a Deleage, Jean-Paul. 
245 1 0 |a Histoire de l'ecologie :  |b une science de l'homme et de la nature /  |c Jean-Paul Deleage 
260 |a Paris :   |b La Decouverte,   |c 1991 
300 |a 330 p.;  |b ill.;  |c 22 cm 
490 1 |a Histoire des sciences 
500 |a Originally presented as the author's thesis (doctoral--Conservatoire national des arts et metiers, 1991) 
504 |a Includes bibliographical references and index 
650 0 0 |a Environmental sciences  |x History. 
650 0 0 |a Nature  |x Effect of human beings on  |x History. 
650 0 0 |a Human ecology  |x History. 
830 0 |a Histoire des sciences 
852 |a INST  |b LESVOS  |e 19931104  |h 574.509 DEL  |p 005100006153  |q 005100006153  |t BK  |y 0 
909 |a Λ  |b 031496